Biggest cities between each major circle, with a map - Statistics

General Stats
  • This quiz has been taken 1,238 times
    176 since last reset
  • The average score is 20 of 25
Answers on the Map
Answers color-coded by a green-red scale on the quiz's map according to % correct below.
 
Answer Stats
Pop City % Correct
25.4 M Mexico City
97%
41.2 M Tokyo
97%
5.20 M Melbourne
96%
13.6 M Rio de Janeiro
96%
25.2 M Seoul
96%
16.8 M Buenos Aires
95%
35.7 M Delhi
95%
12.0 M Lima
95%
27.6 M Mumbai
94%
14.8 M Johannesburg
93%
27.8 M Manila
93%
21.8 M Bangkok
92%
29.5 M Jakarta
92%
8.40 M Santiago
92%
22.6 M São Paulo
92%
41.6 M Shanghai
92%
23.1 M Dhaka
90%
16.3 M Kinshasa
86%
72.7 M Guangzhou
82%
9.65 M Luanda
79%
266 k Murmansk
59%
176 k Norilsk
21%
56.1 k Vorkuta
14%
44.3 k Severomorsk
9%
48.2 k Apatity
7%
No matching quizzes found
Score Distribution
Percent of People with Each Score
Percentile by Number Answered
Your Score History
You have not taken this quiz since the last reset